| 000 | nam a22 a 4500 | ||
|---|---|---|---|
| 999 |
_c4695 _d4695 |
||
| 003 | AKMAL | ||
| 005 | 20170728113358.0 | ||
| 008 | 17 s2017 my l 00 eng d | ||
| 020 | _cRM 35.00 | ||
| 082 | 0 | 4 |
_a346.595074 MAL _221 |
| 090 | 0 | 0 |
_a346.595074 _bMAL |
| 110 | 1 |
_aMalaysia _9400 |
|
| 240 | 1 | 0 |
_aAkta Sewa-Beli, 1967. _lEnglish |
| 245 | 1 | 0 |
_aHire-Purchase Act 1967 (Revised - 1978) and Regulations (Act 212) _ccompiled by Legal Research Board |
| 260 |
_aKuala Lumpur : _bMDC Publishers Sdn. Bhd, _c2017 |
||
| 300 | 0 | 0 |
_a 98p. ; _c24cm |
| 650 | 0 |
_aSales, Conditional _zMalaysia _99010 |
|
| 650 | 0 |
_aCommercial law _zMalaysia _93703 |
|
| 650 | 0 |
_aLembaga Penyelidikan Undang-Undang _99011 |
|
| 942 |
_2ddc _cBOOK |
||